Dr. S. Radhakrishnan : (Record no. 141918)

MARC details
000 -LEADER
fixed length control field 00556nam a22001817a 4500
005 - DATE AND TIME OF LATEST TRANSACTION
control field 20170623120218.0
010 ## - LCCN (DPL NO)
LC control number ENG-118897
020 ## - INTERNATIONAL STANDARD BOOK NUMBER
International Standard Book Number 8189297236
Terms of availability 250.00
035 ## - SYSTEM CONTROL NUMBER
System control number EN-102429
037 ## - SOURCE OF ACQUISITION
Source of stock number/acquisition DBAD/PUB
082 ## - DEWEY DECIMAL CLASSIFICATION NUMBER
Classification number 921
100 ## - MAIN ENTRY--PERSONAL NAME
Personal name Radhakrishan, S.
245 ## - TITLE STATEMENT
Title Dr. S. Radhakrishnan :
Remainder of title a great philospher, teacher & 2nd president of India /
Statement of responsibility, etc by S. Radhakrishnan
260 ## - PUBLICATION, DISTRIBUTION, ETC. (IMPRINT)
Place of publication, distribution, etc Delhi
Name of publisher, distributor, etc Vijay Goel
Date of publication, distribution, etc 2011
270 ## - ADDRESS
Address S-16,Naveen Shahadara
City Delhi
Postal code 110032
300 ## - PHYSICAL DESCRIPTION
Extent xiii,263p.
Dimensions 22cm(pbk)
942 ## - ADDED ENTRY ELEMENTS (KOHA)
Source of classification or shelving scheme Dewey Decimal Classification
Item type English Books
Classification part 921
Call number suffix RAD
Holdings
Withdrawn status Lost status Not for loan Collection code Home library Current library Date acquired Source of acquisition Cost, normal purchase price Full call number Barcode Copy number Cost, replacement price Koha item type
    Not For Loan Non-fiction D.B.Act.Division Bawana 23/06/2017 DBAD/PUB 250.00 921 RAD EN-102429 1 250.00 English Books

© Delhi Public Library
Hit Counter
free hit counter